000 005320000a22001810004500
003 MACL
005 20160120154331.0
008 160120b xxu||||| |||| 00| 0 eng d
040 _aMACL
_cMACL
041 _aHindi
082 _a001/GUP
100 _aआर गुप्‍ता
_933706
245 _aसामान्‍य ज्ञान
260 _bरमेश पब्लिशिंग हाउस
_c2003
_aनई दिल्‍ली
350 _a38
650 _aGeneralities
_91354
942 _cHIN
_k001/GUP
_2ddc
999 _c30660
_d30660